Born in Cambridge - Statistics

General Stats
  • This quiz has been taken 28 times
    13 since last reset
  • The average score is 4 of 11
Answer Stats
Hint Answer % Correct
Guitarist and co-lead vocalist of Pink Floyd 1946 David Gilmour
58%
Original frontman and co-founder of Pink Floyd 1946 Syd Barrett
58%
Singer, "Boom Clap" "Break the Rules" 1992 Charli XCX
42%
Author, "The Hitchhiker's Guide to the Galaxy" 1952 Douglas Adams
42%
Director of "Gandhi" and actor in "Jurassic Park" 1923 Richard Attenborough
33%
Economist, his ides are the basis for a school of thought in economics 1883 John Maynard Keynes
25%
Lead vocalist of Muse 1978 Matt Bellamy
25%
Nobel Prize winning physicist for his discovery of the wave properties of the electron by electron diffraction 1892 George Paget Thomson
17%
Australian-British singer and actress, "You're the One That I Want" "Summer Nights" 1948 Olivia Newton-Jones
17%
Chemist who was awarded the Nobel Prize in Chemistry in 1967 1897 Ronald George Wreyford Norrish
17%
Actor, "Pride & Prejudice" "Homeland" "Asteroid City" 1981 Rupert Friend
17%
No matching quizzes found
Score Distribution
Percent of People with Each Score
Percentile by Number Answered
Your Score History
You have not taken this quiz since the last reset